[Event "SLO-ch U14"]
[Site "Portoroz"]
[Date "2018.02.28"]
[Round "7"]
[White "Kavcic, Bor"]
[Black "Lencek Kranjec, Dani"]
[Result "1-0"]
[WhiteElo "1607"]
[BlackElo "1217"]
[PlyCount "85"]
[EventDate "2018.02.24"]
[EventType "swiss"]
[EventRounds "9"]
[EventCountry "SLO"]
[SourceTitle "EXT 2019"]
[Source "ChessBase"]
[SourceDate "2018.10.10"]
[SourceVersion "1"]
[SourceVersionDate "2018.10.10"]
[SourceQuality "1"]

1. e4 c5 2. Nf3 d6 3. d4 cxd4 4. Nxd4 Nf6 5. Nc3 a6 6. Be3 e5 7. Nb3 Be6 8. f3 Be7 9. Qd2 0-0 10. 0-0-0 Nc6 11. Bd3 a5 12. Kb1 a4 13. Nc1 a3 14. b3 d5 15. exd5 Nxd5 16. Nxd5 Qxd5 17. Bxh7+ Kxh7 18. Qxd5 Bxd5 19. Rxd5 Bf6 20. Ne2 Kg6 21. Rd7 b5 22. Rhd1 Rfc8 23. c3 Ne7 24. g4 Nc6 25. R1d6 Kh7 26. Rb7 Rab8 27. Rxb8 Nxb8 28. Rb6 Nd7 29. Rxb5 e4 30. fxe4 Bxc3 31. Nxc3 Rxc3 32. Bd4 Rd3 33. Rd5 Nf8 34. Bc5 Rxd5 35. exd5 Nd7 36. Bxa3 Kg6 37. Bb2 f6 38. a4 Kg5 39. a5 Kxg4 40. a6 Kf5 41. Bd4 Ke4 42. a7 Kxd4 43. a8Q 1-0

[Event "SLO-ch U14"]
[Site "Portoroz"]
[Date "2018.02.25"]
[Round "3"]
[White "Lencek Kranjec, Dani"]
[Black "Toplisek, Maj"]
[Result "0-1"]
[WhiteElo "1217"]
[BlackElo "1243"]
[PlyCount "76"]
[EventDate "2018.02.24"]
[EventType "swiss"]
[EventRounds "9"]
[EventCountry "SLO"]
[SourceTitle "EXT 2019"]
[Source "ChessBase"]
[SourceDate "2018.10.10"]
[SourceVersion "1"]
[SourceVersionDate "2018.10.10"]
[SourceQuality "1"]

1. e4 c5 2. Nf3 Nc6 3. d4 cxd4 4. Nxd4 e5 5. Nb5 a6 6. N5a3 Nf6 7. Bg5 h6 8. Bxf6 Qxf6 9. Nc4 Bc5 10. Qd2 0-0 11. c3 Rd8 12. Ne3 Bxe3 13. Qxe3 d5 14. exd5 Rxd5 15. Bc4 Rd6 16. 0-0 Be6 17. Bxe6 Qxe6 18. Nd2 Rad8 19. Ne4 Rd5 20. Qb6 Rb5 21. Qe3 Rxb2 22. Nc5 Qd6 23. h3 Qd2 24. Qf3 Qe2 25. Qxe2 Rxe2 26. Nxb7 Rdd2 27. Nc5 Rxa2 28. Nxa6 Rac2 29. Nb4 Nxb4 30. Rab1 Nd3 31. Rfd1 Nxf2 32. Rd8+ Kh7 33. Rb7 Nxh3+ 34. Kh2 Ng5 35. Rbb8 Rxg2+ 36. Kh1 Rh2+ 37. Kg1 Nf3+ 38. Kf1 Rh1# 0-1

[Event "SLO-ch U14"]
[Site "Ptuj"]
[Date "2017.02.27"]
[Round "4"]
[White "Kastrevec, Andrej"]
[Black "Lencek Kranjec, Dani"]
[Result "0-1"]
[WhiteElo "1107"]
[BlackElo "1313"]
[PlyCount "128"]
[EventDate "2017.02.25"]
[EventType "swiss"]
[EventRounds "9"]
[EventCountry "SLO"]
[SourceTitle "CBM 177 Extra"]
[Source "ChessBase"]
[SourceDate "2017.04.27"]
[SourceVersion "1"]
[SourceVersionDate "2017.04.27"]
[SourceQuality "1"]

1. e4 c5 2. Nf3 d6 3. d4 cxd4 4. Nxd4 Nf6 5. Nc3 a6 6. Be3 e6 7. Qd2 Qc7 8. 0-0-0 Nc6 9. f3 b5 10. Nce2 Be7 11. h3 Bd7 12. Kb1 0-0 13. g4 Rfb8 14. h4 b4 15. h5 a5 16. g5 Ne8 17. g6 Nf6 18. gxf7+ Kxf7 19. Ng3 Nxd4 20. Qxd4 a4 21. Rc1 Qb7 22. c3 bxc3 23. Qxc3 Bc6 24. Rc2 Rc8 25. Qd4 a3 26. b3 Ba4 27. Bc4 Rc6 28. f4 Kf8 29. Bxe6 Rxc2 30. Kxc2 Bc6 31. Bf5 Rc8 32. Bxc8 Qxc8 33. Kb1 Ng4 34. Bd2 Qe6 35. Bc3 Bf6 36. Qb6 Bxe4+ 37. Kc1 Bxh1 38. Qb8+ Kf7 39. Qc7+ Qe7 40. Qxe7+ Kxe7 41. Bxf6+ Kxf6 42. Nxh1 Kf5 43. b4 Nf6 44. b5 Nd7 45. Kc2 Kxf4 46. Kd3 Ke5 47. Nf2 g5 48. hxg6 hxg6 49. Ne4 Nc5+ 50. Nxc5 dxc5 51. Kc4 Kd6 52. b6 Kc6 53. b7 Kxb7 54. Kxc5 Ka6 55. Kd5 Kb5 56. Kd4 Kb4 57. Kd3 g5 58. Kd4 g4 59. Kd3 g3 60. Ke2 g2 61. Kf2 Kc3 62. Kxg2 Kb2 63. Kf2 Kxa2 64. Ke2 Kb2 0-1

[Event "SLO-ch U14"]
[Site "Ptuj"]
[Date "2017.02.25"]
[Round "1"]
[White "Lencek Kranjec, Dani"]
[Black "Acimovic, Sergej"]
[Result "0-1"]
[WhiteElo "1313"]
[BlackElo "1705"]
[PlyCount "108"]
[EventDate "2017.02.25"]
[EventType "swiss"]
[EventRounds "9"]
[EventCountry "SLO"]
[SourceTitle "CBM 177 Extra"]
[Source "ChessBase"]
[SourceDate "2017.04.27"]
[SourceVersion "1"]
[SourceVersionDate "2017.04.27"]
[SourceQuality "1"]

1. e4 c5 2. Nc3 Nc6 3. g3 Nf6 4. Bg2 e6 5. Nge2 d5 6. exd5 exd5 7. d4 c4 8. Bg5 Be6 9. Nf4 Bb4 10. 0-0 Bxc3 11. bxc3 Ne7 12. Bxf6 gxf6 13. Qh5 0-0 14. Rfe1 Qd6 15. Nxe6 fxe6 16. Bh3 f5 17. Re3 Ng6 18. Qe2 Rae8 19. Re1 Rf6 20. Bg2 Qd7 21. Bf3 Re7 22. Qd2 Rf8 23. Bh1 Qd6 24. f4 Rfe8 25. Bf3 Nf8 26. Qe2 Kf7 27. Bh5+ Ng6 28. Qg2 Qa3 29. Qe2 Qxa2 30. h4 a5 31. Bxg6+ hxg6 32. h5 Qa3 33. hxg6+ Kxg6 34. g4 Kf6 35. g5+ Kg7 36. Rh3 Qd6 37. Rf1 a4 38. Qh5 Rg8 39. Qh6+ Kf7 40. Qf6+ Ke8 41. g6 Reg7 42. Rh6 Qe7 43. Qe5 Rxg6+ 44. Rxg6 Rxg6+ 45. Kf2 Kd7 46. Rb1 Kc6 47. Qb8 Qh4+ 48. Ke3 Rg3+ 49. Kd2 Rg2+ 50. Kc1 Qe1+ 51. Kb2 a3+ 52. Ka1 Qxc3+ 53. Ka2 Rxc2+ 54. Rb2 Qxb2# 0-1